| 000 | 01348nam a2200313 i 4500 | ||
|---|---|---|---|
| 003 | EG-GICUC | ||
| 005 | 20260502110759.0 | ||
| 008 | 260502s1997 ua fr|||| 00| 0 ara d | ||
| 040 |
_a EG-GICUC _bara _c EG-GICUC _d EG-GICUC _erda |
||
| 041 | _aara | ||
| 082 | 0 | 4 |
_221 _a345.693 _bخ ا . ا |
| 092 | 0 | 4 | _221 |
| 099 | _aLaw1 07 345.693 خ ا . ا 1997 | ||
| 100 | 0 |
_aخالد فتحي عبدالحميد عبدالله. _eمؤلف. |
|
| 245 | 1 | 2 |
_aالاستيلاء الإداري: _b دراسة مقارنة بين القانون الوضعي والشريعة الإسلامية / _cالدكتور خالد فتحي عبدالحميد عبدالله. |
| 264 | 1 |
_aبني سويف: _b جامعة القاهرة، فرع بني سويف، كلية الحقوق، _c 1997. |
|
| 300 |
_a597؛ صفحة _c24 سم |
||
| 336 |
_2rda content _atext |
||
| 337 |
_2rda media _aComputer |
||
| 338 |
_2rda carrier _aOnline Resource |
||
| 504 | _aيشتمل على إرجاعات ببليوجرافية وكشاف. | ||
| 546 | _aالنص باللغة العربية | ||
| 650 | 1 |
_aالقانون الإداري _2qrmak |
|
| 651 | 1 | _2qrmak | |
| 710 | 2 |
_a جامعة القاهرة. _b كلية الحقوق (بني سويف). |
|
| 856 | 4 | 0 | _uhttps://fll.law.cu.edu.eg/fulltext/bks/B07-04726.pdf |
| 905 | _a167 | ||
| 942 |
_2ddc _cBK _e21 _n0 |
||
| 999 |
_c74779 _d74779 |
||